[Event "Lovfalds EMT 16th Master 1"]
[Site "Ringsted"]
[Date "2002.09.14"]
[Round "2"]
[White "Kongsted, Halfdan Christian"]
[Black "Bromann, Thorbjorn"]
[Result "0-1"]
[WhiteElo "2199"]
[BlackElo "2338"]
[PlyCount "138"]
[EventDate "2002.09.13"]
[EventType "tourn"]
[EventRounds "5"]
[EventCountry "DEN"]
[SourceTitle "EXT 2023"]
[Source "ChessBase"]
[SourceDate "2022.10.05"]
[SourceVersion "1"]
[SourceVersionDate "2022.10.05"]
[SourceQuality "1"]

1. e4 e6 2. d4 d5 3. Nc3 Nf6 4. Bg5 Bb4 5. e5 h6 6. Bd2 Bxc3 7. bxc3 Ne4 8. Qg4 g6 9. Bc1 Nxc3 10. Bd3 Qe7 11. h4 Bd7 12. h5 g5 13. Nh3 Bb5 14. 0-0 Bxd3 15. cxd3 Nd7 16. Re1 Na4 17. f4 gxf4 18. Qxf4 0-0-0 19. Rb1 Rhg8 20. Rb3 f6 21. exf6 Nxf6 22. Qf3 Ng4 23. Bf4 Rg7 24. Bg3 Rdg8 25. Rc1 Qf6 26. Qf4 Qxf4 27. Nxf4 Nf6 28. Nxe6 Nxh5 29. Bxc7 Rxg2+ 30. Kh1 Rxa2 31. Bh2+ Kd7 32. Nc5+ Nxc5 33. dxc5 Kc6 34. d4 Nf6 35. Rh3 Ng4 36. Bg3 Ra3 37. Kg2 Ne3+ 38. Kh2 Nf5 39. Be5 Rxh3+ 40. Kxh3 Ne3 41. Re1 Nc4 42. Bf4 Kd7 43. Rb1 b6 44. Ra1 Ra8 45. cxb6 Nxb6 46. Kg4 a5 47. Bxh6 Rh8 48. Kg5 a4 49. Kg6 Kc6 50. Bd2 Nc4 51. Bb4 Rh2 52. Kf5 Rf2+ 53. Ke6 Re2+ 54. Kf6 Kb5 55. Bc5 Na5 56. Ra3 Nb3 57. Kf5 Re4 58. Bd6 Nxd4+ 59. Kg5 Re6 60. Bf8 Re1 61. Bd6 Nb3 62. Kf4 d4 63. Kf3 d3 64. Bf4 Rf1+ 65. Ke3 Rxf4 66. Kxd3 Rf3+ 67. Kc2 Nd4+ 68. Kb2 Rxa3 69. Kxa3 Ka5 0-1

[Event "Politiken Cup 24th"]
[Site "Copenhagen"]
[Date "2002.07.25"]
[Round "10"]
[White "Kongsted, Halfdan Christian"]
[Black "Gutierrez Castillo, Paloma"]
[Result "1-0"]
[WhiteElo "2224"]
[BlackElo "2088"]
[PlyCount "69"]
[EventDate "2002.07.15"]
[EventType "swiss"]
[EventRounds "11"]
[EventCountry "DEN"]
[SourceTitle "CBM 089 Extra"]
[Source "ChessBase"]
[SourceDate "2002.09.10"]
[SourceVersion "2"]
[SourceVersionDate "2002.09.10"]
[SourceQuality "1"]

1. d4 d5 2. c4 e6 3. Nf3 Be7 4. e3 Nf6 5. Bd3 Nbd7 6. 0-0 a6 7. b3 c5 8. Bb2 0-0 9. Nbd2 b6 10. e4 dxe4 11. Nxe4 Bb7 12. Ng3 cxd4 13. Nxd4 Nc5 14. Bc2 Qc7 15. Qe2 Rfd8 16. Rfe1 Re8 17. Rad1 Rad8 18. Nh5 Ncd7 19. Nxg7 Kxg7 20. Rd3 Be4 21. Qxe4 Nc5 22. Qh4 Nxd3 23. Bxd3 Rh8 24. Bc2 Rdg8 25. Rxe6 Kf8 26. Rxf6 Bxf6 27. Qxf6 Qe7 28. Qh6+ Ke8 29. Qc6+ Kf8 30. Qh6+ Ke8 31. Qc6+ Kf8 32. Qc8+ Qe8 33. Ba3+ Kg7 34. Qg4+ Kf6 35. Qf5+ 1-0

[Event "Politiken Cup 24th"]
[Site "Copenhagen"]
[Date "2002.07.15"]
[Round "1"]
[White "Rasmussen, Bent"]
[Black "Kongsted, Halfdan Christian"]
[Result "0-1"]
[WhiteElo "1658"]
[BlackElo "2224"]
[PlyCount "88"]
[EventDate "2002.07.15"]
[EventType "swiss"]
[EventRounds "11"]
[EventCountry "DEN"]
[SourceTitle "CBM 089 Extra"]
[Source "ChessBase"]
[SourceDate "2002.09.10"]
[SourceVersion "2"]
[SourceVersionDate "2002.09.10"]
[SourceQuality "1"]

1. d4 e6 2. c4 f5 3. g3 Nf6 4. Bg2 d5 5. Nf3 c6 6. 0-0 Bd6 7. b3 Qe7 8. Nc3 Nbd7 9. Bb2 0-0 10. e3 h6 11. Qc2 b6 12. Ne2 Bb7 13. Ne5 Rac8 14. Rac1 c5 15. Nd3 Rc7 16. Qb1 Ne4 17. Rfd1 cxd4 18. Bxd4 e5 19. Bb2 dxc4 20. bxc4 Rfc8 21. Ba1 Ba3 22. Rc2 Qe6 23. Qb3 Be7 24. Rdc1 Ndc5 25. Nxc5 Nxc5 26. Qc3 Bf6 27. Bxb7 Rxb7 28. Rd1 Rbc7 29. Qa3 Rd7 30. Rxd7 Qxd7 31. Qc1 Qc6 32. f4 Qf3 33. fxe5 Nd3 34. Nd4 Qe4 35. Qd2 Bg5 36. Qc3 Bxe3+ 37. Kf1 Rd8 38. Qb3 Bxd4 39. Bxd4 Qxd4 40. c5+ Kf8 41. cxb6 Qe4 42. Kg1 Qe3+ 43. Kf1 Qf3+ 44. Kg1 Qd1+ 0-1